01548nam a2200289 a 4500008004100000020002200041049000900063090001600072111011500088245026600203260014700469300002900616440005800645500002000703504004300723650008200766710006200848710005100910710005600961907003501017003000101052005001701053040000901070942002301079999001901102952013701121  a186058148X (hbk.) aMAIN aNA2560bINT2 aInternational Conference on Designing Cost-Effective Compositesd(1998 :cInstitution of Mechanical Engineers)10aInternational Conference on Design Cost-Effective Composites :b15-16 September 1998, IMechE Headquarters, London, UK /corganized by the Joint Board of the IMechE and the Institute of Materials ; co-sponsored by the Institution of Civil Engineerse ... [et al.] aBury St. Edmunds, Suffolk, UK :bPublished by Professional Engineering Publishing Limited for the Institution of Mechanical Engineers,cc1998. a191 p. :bill. ;c25 cm. 0aIMechE conference transactions,x1356-1448 ;v1998-8. aIncludes index. aIncludes bibliographical references.  0aComposite materialsxDesign and constructionxCost effectivenessvCongresses.2 aJoint Board of the IMechE and the Institute of Materials.2 aInstitution of Civil Engineers (Great Britain)2 aInstitution of Mechanical Engineers (Great Britain) a.b10196341b23-06-08c20-03-0620230123134204.0 cNUST cBOOKSkNA2560mINT c161589d161589 r2023-01-23 00:00:00l2oNA2560 INTp92003025763v80.00w2023-01-23yBOOKS102LCC40708NFIC00aMAINbMAINcGENd2023-01-23g80.00